000 00604nam a2200217Ia 4500
003 OSt
005 20220923221854.0
006 a|||||r|||| 00| 0
007 ta
008 220922b |||||||| |||| 00| 0 hin d
024 _a200,709
037 _cTextual
040 _aARTS
_cARTS
_bhin
041 _2hin
_ahin
082 _aV2:5:E, 152F6
100 _aअलबेरूनी
_9156277
245 0 _aअलबंेरूनी का भारत
246 _aAlabanerūnī kā bhārata
942 _hV2:5:E, 152F6
_cTEXL
_2CC
999 _c352381
_d352381